| 000 | 00487nam a2200181Ia 4500 | ||
|---|---|---|---|
| 008 | 151018s9999 xx 000 0 und d | ||
| 082 |
_bRBASDV41331 _a320 |
||
| 100 | _aय डी फडके | ||
| 245 | _aसंसद | ||
| 250 | _b1 | ||
| 260 |
_bअक्षर प्रकाशन मुंबई _c2006 |
||
| 300 | _a143 | ||
| 600 | _aय डी फडके | ||
| 630 | _aसंसद | ||
| 700 | _aय डी फडके | ||
| 730 | _aसंसद | ||
| 942 | _cBOOK | ||
| 999 |
_c1040602 _d1040599 |
||